10 biggest Cities - Oregon - Statistics

General Stats
  • This quiz has been taken 8 times
  • The average score is 8 of 10
Answer Stats
Inhabitants City % Correct
102.059 Bend
100%
175.096 Eugene
100%
641.162 Portland
100%
177.723 Salem
100%
86.367 Medford
83%
98.216 Beaverton
67%
59.864 Corvallis
67%
113.103 Gresham
67%
62.265 Springfield
67%
106.633 Hillsboro
50%
No matching quizzes found
Score Distribution
Percent of People with Each Score
Percentile by Number Answered
Your Score History
You have not taken this quiz